MARC details
| 000 -BAŞLIK |
| Sabit Uzunlukta Kontrol Alanı |
01404na a2200349 4500 |
| 999 ## - SİSTEM KONTROL NUMARALARI (KOHA) |
| Koha Biblionumber |
4799 |
| Koha Biblioitemnumber |
4799 |
| 001 - KONTROL NUMARASI |
| Denetim Alanı |
21363 |
| 003 - KONTROL NUMARASI IDENTIFIER |
| Denetim Alanı |
MIRAKIL |
| 005 - SON İŞLEM TARİHİ VE ZAMANI |
| Denetim Alanı |
20210217125038.0 |
| 008 - SABİT-BOY VERİ ELEMANLARI - GENEL BİLGİLER |
| Sabit Uzunlukta Kontrol Alanı |
170204b tu 000 0 |
| 040 ## - KATALOGLAMA KAYNAK |
| Orijinal Kataloglama Ajansı |
Milas |
| Kataloglama Dili |
tur |
| Metne Dönüştürmek Ajansı |
TR-AnCHP |
| 041 ## - DİL KODU |
| Metin / Ses Parça Veya Ayrı Başlığın Dil Kodu |
tur |
| 082 ## - DEWEY ONLU SINIFLANDIRMA NUMARASI |
| Sınıflandırma Numarası |
CHP 352 |
| Ürün Numarası |
C3699i 2009 |
| 090 ## - SINIFLAMA NUMARASI |
| Sınıflama Numarası |
BROŞÜR 294 |
| 110 ## - ANA GİRİŞ - KURUMSAL ADI |
| Giriş Elemanı Olarak Kurumsal Ad Veya Yargı Alanı Adı |
Cumhuriyet Halk Partisi (CHP) |
| Alt Birim |
Yerel Yönetim Birimi |
| 245 ## - BAŞLIK TABLOSU |
| Başlık |
İl genel meclisi üyeleri el kitabı |
| Başlığın Kalan |
Haziran 2009 |
| Sorumluluk Tablosu, Vb |
Cumhuriyet Halk Partisi Yerel Yönetim Birimi |
| 246 ## - UNVAN FORM VARYING |
| Başlık Doğru / Kısa Başlığı |
CHP belediye ve il genel meclisi üyeleri el kitabı |
| 246 ## - UNVAN FORM VARYING |
| Başlık Doğru / Kısa Başlığı |
CHP belediye meclisi üyeleri el kitabı |
| 246 ## - UNVAN FORM VARYING |
| Başlık Doğru / Kısa Başlığı |
CHP il genel meclisi üyeleri el kitabı |
| 260 ## - YAYIN, DAĞITIM, VB |
| Yayın, Dağıtım, Vb Yeri |
Ankara |
| Yayıncı, Dağıtıcı, Vs Adı |
CHP Yerel Yönetim Birimi |
| Yayın, Dağıtım, Vb Tarihi |
Haziran 2009 |
| 300 ## - FİZİKSEL TANIM |
| Kapsam |
84 s. |
| Boyutlar |
20 sm. |
| 440 ## - SERİSİ TABLOSU / KATMA GİRİŞİ - BAŞLIK |
| Başlık |
CHP Yerel Yöneti Birimi yayınları |
| Bir İşin Parçası / Bölümün İsmi |
El kitapları |
| 500 ## - GENEL NOT |
| Genel Not |
"Şimdi CHP zamanı" |
| 610 ## - KONU KATMA GİRİŞ - TOPLANTI ADI |
| Giriş Elemanı Olarak Kurumsal Ad Veya Yargı Alanı Adı |
Cumhuriyet Halk Partisi (CHP) |
| Genel Alt Bölüm |
Belediye meclis üyeleri |
| Kronolojik Alt Bölüm |
El kitapları, vb. |
| 610 ## - KONU KATMA GİRİŞ - TOPLANTI ADI |
| Giriş Elemanı Olarak Kurumsal Ad Veya Yargı Alanı Adı |
Cumhuriyet Halk Partisi (CHP) |
| Genel Alt Bölüm |
Yerel yönetimler |
| Kronolojik Alt Bölüm |
El kitapları |
| 650 ## - KONU KATMA GİRİŞ - TOPİKAL DÖNEM |
| Topikal Süreli Veya Coğrafi Ad Giriş Elemanı |
Yerel yönetimler |
| Genel Alt Bölümü |
Hukuk ve mevzuat |
| Kronolojik Alt Bölümü |
El kitapları, vb. |
| 650 ## - KONU KATMA GİRİŞ - TOPİKAL DÖNEM |
| Topikal Süreli Veya Coğrafi Ad Giriş Elemanı |
Belediyeler |
| Genel Alt Bölümü |
Hukuk ve mevzuat |
| Kronolojik Alt Bölümü |
El kitapları, vb. |
| 830 ## - SERİSİ EKLENDİ GİRİŞ - ÜNİFORM ADI |
| Üniforma Başlık |
CHP yayınları |
| 942 ## - EKLENDİ GİRİŞ ELEMANLARI (KOHA) |
| Sınıflandırma Veya Raf Düzeni Kaynak |
Dewey Decimal Classification |
| Koha Öğesi Türü |
Books |
| 999 ## - SİSTEM KONTROL NUMARALARI (KOHA) |
| Koha Biblioitemnumber |
4799 |